|
|
|
|
| LEADER |
00000nam0a2200000 4500 |
| 001 |
267882 |
| 005 |
20231101234121.0 |
| 010 |
|
|
|a 9785955803623
|
| 010 |
|
|
|a 978-5-16-009556-1
|
| 035 |
|
|
|a (RuTPU)RU\TPU\book\290995
|
| 035 |
|
|
|a RU\TPU\book\173194
|
| 090 |
|
|
|a 267882
|
| 100 |
|
|
|a 20090514d2015 m y0rusy50 ca
|
| 101 |
0 |
|
|a rus
|
| 102 |
|
|
|a RU
|
| 105 |
|
|
|a y j 000zy
|
| 200 |
1 |
|
|a Бухгалтерский учет: упражнения, тесты, решения и ответы
|e учебное пособие
|f Т. П. Карпова, В. В. Карпова
|
| 205 |
|
|
|a 2-е изд., испр. и доп.
|
| 210 |
|
|
|a Москва
|c Вузовский учебник
|c Инфра-М
|d 2015
|
| 215 |
|
|
|a 327 с.
|
| 225 |
1 |
|
|a Вузовский учебник
|
| 330 |
|
|
|a Ситуационные упражнения, представленные в учебном пособии, раскрывают содержание типовых операций по учетной работе бухгалтерии предприятия. Темы учебного пособия, посвященные бухгалтерскому финансовому учету, завершаются сквозной задачей, охватывающей основные факты хозяйственной деятельности коммерческой организации и включающей составление бухгалтерской (финансовой) отчетности.В заключительной теме раскрываются основные принципы управленческого учета производственных затрат по их видам и местам возникновения на примере отдельных тематических задач. В конце второго раздела представлено комплексное упражнение по калькулированию, которое построено на базе сквозной задачи по бухгалтерскому финансовому учету, что обеспечивает преемственность двух подсистем бухгалтерского учета и изучения специальных дисциплин на четвертом и пятом курсах. Практикум содержит более 500 тестов для самостоятельной проверки и оценки знаний по темам бухгалтерского (финансового) и управленческого учета. Ответы на упражнения и тесты даны после каждой главы. Уровень сложности представленного материала соответствует требованиям ГОС высшего профессионального образования. Учебное пособие может быть полезно при изучении дисциплин: «Бухгалтерский (финансовый) учет», «Лабораторный практикум по бухгалтерскому учету», «Бухгалтерский учет», «Бухгалтерский управленческий учет».
|
| 606 |
1 |
|
|a Бухгалтерский учет
|2 stltpush
|3 (RuTPU)RU\TPU\subj\30744
|9 53805
|
| 610 |
1 |
|
|a учетная политика
|
| 610 |
1 |
|
|a внеоборотные активы
|
| 610 |
1 |
|
|a основные средства
|
| 610 |
1 |
|
|a нематериальные активы
|
| 610 |
1 |
|
|a материалы
|
| 610 |
1 |
|
|a готовая продукция
|
| 610 |
1 |
|
|a товары
|
| 610 |
1 |
|
|a незавершенное производство
|
| 610 |
1 |
|
|a финансовые вложения
|
| 610 |
1 |
|
|a денежные средства
|
| 610 |
1 |
|
|a расходы
|
| 610 |
1 |
|
|a издержки
|
| 610 |
1 |
|
|a затраты
|
| 610 |
1 |
|
|a доходы
|
| 610 |
1 |
|
|a финансовые результаты
|
| 610 |
1 |
|
|a оплата труда
|
| 610 |
1 |
|
|a налогообложение
|
| 610 |
1 |
|
|a текущие обязательства
|
| 610 |
1 |
|
|a активы
|
| 610 |
1 |
|
|a собственный капитал
|
| 610 |
1 |
|
|a заемный капитал
|
| 610 |
1 |
|
|a финансовая отчетность
|
| 610 |
1 |
|
|a тесты
|
| 610 |
1 |
|
|a учебные пособия
|
| 675 |
|
|
|a 657.22(075.8)
|v 3
|
| 700 |
|
1 |
|a Карпова
|b Т. П.
|g Татьяна Петровна
|
| 701 |
|
1 |
|a Карпова
|b В. В.
|g Виктория Вениаминовна
|
| 801 |
|
1 |
|a RU
|b 63413507
|c 20140822
|
| 801 |
|
2 |
|a RU
|b 63413507
|c 20220831
|g RCR
|
| 900 |
|
|
|a Бухгалтерский управленческий учет
|
| 900 |
|
|
|a Бухгалтерский финансовый учет
|
| 900 |
|
|
|a Бухгалтерский учет
|
| 900 |
|
|
|a Финансовый анализ
|
| 900 |
|
|
|a Финансовый учет
|
| 900 |
|
|
|a Управленческий учет и контроль
|
| 942 |
|
|
|c BK
|
| 951 |
|
|
|b 080100
|l 8.1
|
| 959 |
|
|
|a 89/20140527
|d 7
|e 399,90
|f ЧЗГЛ:1
|f АНЛ:1
|f УФ:5
|